Legislación contencioso-administrativa (Record no. 90309)
[ view plain ]
| 000 -LEADER | |
|---|---|
| campo de control de longitud fija | 00571nam a2200157 i 4500 |
| 001 - NÚMERO DE CONTROL | |
| campo de control | 90309 |
| 003 - IDENTIFICADOR DE NÚMERO DE CONTROL | |
| campo de control | ES-MaACL |
| 005 - FECHA Y HORA DE LA ÚLTIMA TRANSACCIÓN | |
| campo de control | 20230906180416.0 |
| 007 - CAMPO FIJO DE DESCRIPCIÓN FÍSICA--INFORMACIÓN GENERAL | |
| campo de control de longitud fija | t| |
| 008 - DATOS DE LONGITUD FIJA--INFORMACIÓN GENERAL | |
| campo de control de longitud fija | 050119s1957 sp ||||1| spa d |
| 245 00 - MENCIÓN DEL TÍTULO | |
| Título | Legislación contencioso-administrativa |
| Resto del título | : Ley de 27 de diciembre de 1956 : comentarios sobre la misma, y texto de todas las demás disposiciones vigentes / |
| Mención de responsabilidad, etc. | Juan Ríos Sarmiento. |
| 260 ## - PUBLICACIÓN, DISTRIBUCIÓN, ETC. | |
| Lugar de publicación, distribución, etc. | Barcelona : |
| Nombre del editor, distribuidor, etc. | Acervo, |
| Fecha de publicación, distribución, etc. | [1957] ( |
| Fabricante | Duplex) |
| 300 ## - DESCRIPCIÓN FÍSICA | |
| Extensión | 374 p. ; |
| Dimensiones | 22 cm. |
| 700 1# - ENTRADA AGREGADA--NOMBRE PERSONAL | |
| Nombre de persona | Ríos Sarmiento, Juan. |
| 9 (RLIN) | 97396 |
| 852 ## - LOCALIZACIÓN | |
| Ubicación | ES-MaACL |
| Número de control de estantería | C-15427 |
| Sublocalización o colección | R.43091 |
| Estatus retirado | Estado de pérdida | Estado de daño | No para préstamo | Biblioteca de origen | Biblioteca actual | Ubicación en estantería | Fecha de adquisición | Fuente de adquisición | Total de préstamos | Signatura topográfica completa | Código de barras | Visto por última vez | Precio de reemplazo | Tipo de ítem Koha |
|---|---|---|---|---|---|---|---|---|---|---|---|---|---|---|
| Biblioteca del Ateneo de Madrid | Biblioteca del Ateneo de Madrid | Ficheros | 17/01/2008 | C-15427 | 1094304 | 23/02/2023 | 23/02/2023 | Libro impreso |
